01572nam a2200385Ia 4500001001200000003000800012006001900020007001500039008004100054010001700095020002200112020001500134020001800149020001800167040002100185035002100206050002900227082001700256100002500273245017300298260005700471300002400528490004500552504006600597533015200663650002600815650002000841655002900861700004600890700004400936710001700980830004600997856012601043999001701169ebr10682501CaPaEBRm u cr cn|||||||||030605s2003 njua sb 001 0 eng d z 2003108056 z069111482X (pbk.) z0691114838 z9780691114828 z9781400837182 aCaPaEBRcCaPaEBR a(OCoLC)83930445214aQC174.26.W28bK35 2003eb04a530.12/42221 aKamvissis, Spyridon.10aSemiclassical soliton ensembles for the focusing nonlinear Schrodinger equationh[electronic resource] /cSpyridon Kamvissis, Kenneth D.T-R McLaughlin, Peter D. Miller. aPrinceton, NJ :bPrinceton University Press,cc2003. axii, 265 p. :bill.1 aAnnals of mathematics studies ;vno. 154 aIncludes bibliographical references (p. [255]-258) and index. aElectronic reproduction.bPalo Alto, Calif. :cebrary,d2013.nAvailable via World Wide Web.nAccess may be limited to ebrary affiliated libraries. 0aSchrodinger equation. 0aWave mechanics. 7aElectronic books.2local1 aMcLaughlin, K. T-Rq(Kenneth T-R),d1969-1 aMiller, Peter D.q(Peter David),d1967-2 aebrary, Inc. 0aAnnals of mathematics studies ;vno. 154.40uhttp://site.ebrary.com/lib/rucke/Doc?id=10682501zAn electronic book accessible through the World Wide Web; click to view c31771d31771